| 000 | 00905nam a2200277 a 4500 | ||
|---|---|---|---|
| 001 | 810 | ||
| 003 | BR-CuiBMT | ||
| 005 | 20231119025421.0 | ||
| 008 | 231117s2009 spba 000 0 por d | ||
| 020 | _a9788522454785 | ||
| 040 |
_aBR-CuiBMT _cBR-CuiBMT |
||
| 080 |
_a657.6:504 _22007 |
||
| 090 |
_a657.6:504 _bC198a |
||
| 100 | 1 | 0 | _aCampos, Lucila Maria de Souza |
| 245 | 1 | 0 |
_aAuditoria ambiental : _buma ferramenta de gestão / _cLucila Maria de Souza Campos, Alexandre de Ávila Lerípio. |
| 260 |
_aSão Paulo: _bAtlas, _c2009. |
||
| 300 |
_a134 p. ; _bil. : _c24 cm |
||
| 504 | _ainclui bibliografia. | ||
| 590 | _aA Biblioteca possui a 3. reimpr. de 2009. | ||
| 650 |
_aMeio ambiente _zBrasil |
||
| 650 |
_aGestão ambiental _xLegislação _zBrasil |
||
| 650 | _aConservação da natureza | ||
| 650 |
_aPolítica ambiental _zBrasil |
||
| 700 | _aLerípio, Alexandre de Ávila | ||
| 942 |
_2udc _cLV |
||
| 999 |
_c810 _d810 |
||